000 005250000a22001930004500
001 000929
003 MACL
005 20150730162719.0
008 150730b xxu||||| |||| 00| 0 eng d
040 _aMACL
_cMACL
041 _aEnglish
082 _a342/PAT
100 _aPathak, Bindeshwar
_9802
245 _aConstitutional Safeguards For Weaker Sections And Minorities In India
_cBindeshwar Pathak
260 _aNew Delhi
_c1999
_bConcept Publishing Company,
350 _a450
650 _aLaw
_93567
942 _k342
_cBK
_2ddc
999 _c927
_d927